000 00410nam a2200169Ia 4500
008 230711s9999||||xx |||||||||||||| ||und||
020 _a978-93-325-5557-0
041 _aENG
082 _a4.16
_bST-A
100 _aFurber,Steve
245 0 _aARM system-on-chip Architecture
250 _a1st Ed.
260 _c2016
_aNew Delhi
_bPearson
300 _a365p.
650 _aElectronics Engineering
942 _cBK
999 _c6316
_d6316